Sports Quiz

Random Sports or WWE Quiz

Most WWE PPV wins (all time) Quiz Stats

Quiz not verified by Sporcle

Challenge
Share
Tweet
Embed
Score 0/50 Timer 10:00
0 Plays Today
PPV Wins Wrestler % Correct
99The Undertaker
96.8%
89John Cena
95.3%
86 Triple H
94.6%
70Kane
91.4%
63Randy Orton
90.9%
52Shawn Michaels
89.2%
61Edge
86.7%
42The Rock
86%
28Hulk Hogan
85.7%
52Big Show
84.5%
52Chris Jericho
80.6%
39Steve Austin
80.6%
24Seth Rollins
80.1%
26Roman Reigns
79.9%
33Jeff Hardy
79.1%
26Brock Lesnar
77.9%
41Christian
77.6%
40Bret Hart
76.9%
34Batista
76.7%
36CM Punk
75.4%
40Kurt Angle
74.4%
22Ric Flair
74.4%
37Matt Hardy
73%
37Chris Benoit
71%
31Owen Hart
70.3%
PPV Wins Wrestler % Correct
33The Miz
70%
39Rey Mysterio
69.5%
22Eddie Guerrero
66.6%
23Randy Savage
65.4%
33Sheamus
62.4%
25Daniel Bryan
61.7%
34JBL
61.2%
24Mark Henry
60.4%
24Bubba Ray Dudley
60%
22D-Von Dudley
59.7%
36Kofi Kingston
58.2%
27Dolph Ziggler
58%
36Billy Gunn
55%
27Rob Van Dam
53.6%
24Cody Rhodes
53.6%
25Road Dogg
47.7%
23Sean Waltman
47.2%
21John Morrison
45.7%
23Trish Stratus
44.7%
20Antonio Cesaro
41.8%
26British Bulldog
41.5%
27Goldust
40.3%
23Dean Amrbose
28%
21Alberto Del Rio
27.5%
21Road Warrior Animal
16.5%

You're not logged in!

Compare scores with friends on all Sporcle quizzes.
Sign Up with Email
OR
Log In

You Might Also Like...

Show Comments

Extras

Top Quizzes Today


Score Distribution

Your Account Isn't Verified!

In order to create a playlist on Sporcle, you need to verify the email address you used during registration. Go to your Sporcle Settings to finish the process.